| 000 | 01522 a2200289 4500 | ||
|---|---|---|---|
| 001 | 60616 | ||
| 005 | 20260407155857.0 | ||
| 008 | 260407a2012 arg spa d | ||
| 003 | AR-UNSa-BCEJYS | ||
| 040 |
_aAR-UNSa-BCEJYS _bspa _cAR-UNSa-BCEJYS |
||
| 080 |
_a336.74 _xMoneda. Sistema monetario |
||
| 245 | 1 | 0 |
_aMoneda social y mercados solidarios II _pLa moneda social como lazo social |
| 020 | _a978-987-1599-90-5 | ||
| 264 | 1 |
_aBuenos Aires : _bEdiciones CICCUS _c2012 |
|
| 300 |
_a318 p. _c22 cm. |
||
| 505 | _aSección I: Los debates actuales sobre moneda y moneda social. Su vinculación con las experiencias estudiadas - 1. Las monedas sociales y el debate sobre el origen del dinero - 2. La moneda social como institución necesaria en la transición hacia “otra economía” – 3. La formación de precios en las Redes de Trueque – 4. ¿Monedas para el cambio social? Algunas reflexione acerca del trueque argentino – Sección II: 1. La experiencia de la cooperativa y Banco de Horas de Trabajo Olga Cossettini, Capilla delo Monte de Córdoba – 2. La experiencia de la Economía Naturalista de Venado Tuerto – 3. La experiencia de General Rodríguez - 4. La experiencia del trueque ancestral de Iruya. | ||
| 041 | _aspa | ||
| 942 | _cBK | ||
| 590 | _aniveau_biblio:m niveau_hierar:0 | ||
| 100 | 1 | _aOrzi, Ricardo | |
| 700 | 1 | _aBorrello, Ricardo | |
| 700 | 1 | _aCosta, Carla | |
| 700 | 1 | _aGómez, Georgina | |
| 700 | 1 | _aHerrera, Rosa | |
| 700 | 1 | _aPlasencia, Adela | |
| 700 | 1 | _aSaiag, Hadrien | |
| 999 |
_c7072 _d7072 |
||